عرض عادي
عرض مارك
مدخل Personal Name
001 - CONTROL NUMBER
- control field: 10707
003 - CONTROL NUMBER IDENTIFIER
- control field: DLC
005 - DATE AND TIME OF LATEST TRANSACTION
- control field: 20260412121745.0
008 - FIXED-LENGTH DATA ELEMENTS
- fixed length control field: 970320n| azannaabn |b aaa
010 ## - LIBRARY OF CONGRESS CONTROL NUMBER
- LC control number: n 96905102
035 ## - SYSTEM CONTROL NUMBER
- System control number: (OCoLC)oca04314426
040 ## - CATALOGING SOURCE
- Original cataloging agency: DLC
- Language of cataloging: eng
- Description conventions: rda
- Transcribing agency: DLC
- Modifying agency: OCoLC
- Modifying agency: DLC
- Modifying agency: CLU-AR
- Modifying agency: InU
046 ## - SPECIAL CODED DATES
- Birth date: 19680619
- Source of date scheme: edtf
100 1# - HEADING--PERSONAL NAME
- Personal name: عيسى، عبد الرازق عبد الرازق
370 ## - ASSOCIATED PLACE
- Place of birth: Daqahlīyah (Egypt)
375 ## - GENDER
- Gender: male
377 ## - ASSOCIATED LANGUAGE
- Language code: ara
400 1# - SEE FROM TRACING--PERSONAL NAME
- Personal name: ʻĪsá, ʻAbd al-Razzāq
400 1# - SEE FROM TRACING--PERSONAL NAME
- Personal name: عيسى، عبد الرازق عبد الرازق
400 1# - SEE FROM TRACING--PERSONAL NAME
- Personal name: عيسى، عبد الرزاق
500 ## - SEE ALSO FROM TRACING--PERSONAL NAME
- Personal name: ʻĪsá, ʻAbd al-Rāziq ʻAbd al-Rāziq
670 ## - SOURCE DATA FOUND
- Source citation: al-Rawḍah al-maʼnūsah fī akhbār ... 1997:
- Information found: t.p. (ʻAbd al-Rāziq ʻAbd al-Rāziq ʻĪsá)
670 ## - SOURCE DATA FOUND
- Source citation: Dirāsāt wa-rasāʼil fī tārīkh al-Madīnah al-Munawwarah, 2009:
- Information found: t.p. (al-Duktūr ʻAbd al-Rāziq ʻAbd al-Rāziq ʻĪsá = الدكتور عبد الرازق عبد الرازق عيسى) p. 7 (al-Duktūr ʻAbd al-Rāziq ʻĪsá = الدكتور عبد الرازق عيسى)
670 ## - SOURCE DATA FOUND
- Source citation: ʻĪsá, ʻAbd al-Rāziq ʻAbd al-Rāziq. Miṣr fī ʻuyūn al-raḥḥālah fī al-ʻaṣr al-ʻUthmānī, 2019:
- Information found: title page (Duktūr ʻAbd al-Razzāq ʻĪsá) cover (Duktūr ʻAbd al-Rāziq ʻĪsá)
670 ## - SOURCE DATA FOUND
- Source citation: ʻĪsá, ʻAbd al-Rāziq ʻAbd al-Rāziq. al-Kuwayt tārīkh wa-ḥaḍārah, 2020:
- Information found: title page (al-Duktūr ʻAbd al-Rāziq ʻAbd al-Rāziq ʻĪsá) cover (D. ʻAbd al-Rāziq ʻĪsá) page 4 of cover (Duktūr ʻAbd al-Rāziq ʻAbd al-Rāziq Ibrāhīm ʻĪsá, mawālīd 19/6/1968, Muḥāfaẓat al-Daqahlīyah)
700 ## - ESTABLISHED HEADING LINKING ENTRY--PERSONAL NAME
- Personal name: ʻĪsá, ʻAbd al-Rāziq ʻAbd al-Rāziq
905 ## - cataloger
- cataloger: Auth_BKS